[Event "SR 2. liga A 2009/2010"]
[Site "?"]
[Date "2009.12.12"]
[Round "5.1"]
[White "Petrik, Tomas"]
[Black "Varga, David"]
[Result "0-1"]
[WhiteElo "2529"]
[BlackElo "2280"]
[PlyCount "108"]
[EventDate "2009.??.??"]
[WhiteTeam "Slovakia"]
[BlackTeam "II"]
[WhiteTeamCountry "SVK"]
[BlackTeamCountry "SVK"]

1. d4 Nf6 2. c4 g6 3. g3 Bg7 4. Nf3 O-O 5. Bg2 d6 6. O-O Nc6 7. Nc3 a6 8. b3
Rb8 9. Nd5 Nxd5 10. cxd5 Nb4 11. e4 f5 12. Ng5 c5 13. dxc6 Nxc6 14. exf5 Bxf5
15. Bd5+ Kh8 16. Bb2 Qd7 17. Re1 Nd8 18. Qe2 h6 19. Nf3 Bg4 20. h3 Bh5 21. Qe3
Qxh3 22. Nh2 Qf5 23. Be4 Qd7 24. g4 Bxg4 25. d5 Kh7 26. Bxg6+ Kxg6 27. Bxg7
Kxg7 28. Qd4+ Kf7 29. Nxg4 Rg8 30. f3 h5 31. Qf4+ Ke8 32. Kf1 hxg4 33. Rxe7+
Qxe7 34. Re1 Nf7 35. Rxe7+ Kxe7 36. Qe4+ Kf8 37. fxg4 Rg5 38. Qb4 Rxd5 39. Qb6
Rb5 40. Qc7 Re8 41. a4 Rxb3 42. g5 Rf3+ 43. Kg2 Rf5 44. Qxb7 Rxg5+ 45. Kf3 a5
46. Kf4 Ree5 47. Qb8+ Kg7 48. Qb2 Rgf5+ 49. Kg3 Rf6 50. Qc3 Rc5 51. Qb2 Rcf5
52. Kh4 Ne5 53. Qb7+ Kh6 54. Kh3 Rg6 0-1

[Event "SR 2. liga A 2009/2010"]
[Site "?"]
[Date "2009.12.12"]
[Round "5.1"]
[White "Tibensky, Robert"]
[Black "Malar, Pavol"]
[Result "1-0"]
[WhiteElo "2401"]
[BlackElo "2133"]
[PlyCount "67"]
[EventDate "2009.??.??"]
[WhiteTeam "Slovakia"]
[BlackTeam "II"]
[WhiteTeamCountry "SVK"]
[BlackTeamCountry "SVK"]

1. d4 f5 2. g3 Nf6 3. Bg2 e6 4. Nf3 Be7 5. O-O O-O 6. c4 d6 7. Nc3 Nc6 8. d5
Ne5 9. Nd4 exd5 10. cxd5 Bd7 11. Qc2 Qc8 12. f4 Neg4 13. h3 Nh6 14. Be3 c5 15.
dxc6 bxc6 16. b4 d5 17. b5 Bc5 18. bxc6 Bxc6 19. Bf2 Bb7 20. Rac1 Bb6 21. Qb3
Qd7 22. Na4 Rfe8 23. Nxb6 axb6 24. Qxb6 Ba6 25. Rc7 Reb8 26. Qxb8+ Rxb8 27.
Rxd7 Nxd7 28. Bxd5+ Kh8 29. Rc1 Nf6 30. Bb3 Ne4 31. Ne6 Nxf2 32. Kxf2 Re8 33.
Rc7 Ng8 34. Ra7 1-0

[Event "SR 2. liga A 2009/2010"]
[Site "?"]
[Date "2009.12.12"]
[Round "5.2"]
[White "Gasa, Andrej"]
[Black "Liptak, Tomas"]
[Result "1-0"]
[WhiteElo "2220"]
[BlackElo "2036"]
[PlyCount "83"]
[EventDate "2009.??.??"]
[WhiteTeam "Slovakia"]
[BlackTeam "II"]
[WhiteTeamCountry "SVK"]
[BlackTeamCountry "SVK"]

1. e4 c5 2. Nf3 d6 3. Bb5+ Bd7 4. Bxd7+ Qxd7 5. O-O Nc6 6. c3 Nf6 7. Re1 e5 8.
d4 g6 9. Na3 Rd8 10. Bg5 Bg7 11. Nc4 Qc7 12. d5 Nb8 13. Qa4+ Nbd7 14. Qxa7 O-O
15. Qa5 b6 16. Qb5 Rc8 17. a4 h6 18. Bxf6 Bxf6 19. a5 bxa5 20. Qxa5 Qb8 21. Qa7
Rfd8 22. Qxb8 Rxb8 23. Ra6 Be7 24. Nfd2 Nf6 25. Rea1 Ne8 26. f3 Bg5 27. Nf1 Kf8
28. g3 h5 29. Kf2 f5 30. h3 fxe4 31. fxe4 Kg8 32. Kf3 Rb7 33. Ra7 Rf7+ 34. Rxf7
Kxf7 35. Ra7+ Be7 36. Nfe3 Kf8 37. Na5 Nf6 38. Nc6 Rd7 39. Ra8+ Kf7 40. Nc4 Ne8
41. N4xe5+ dxe5 42. Nxe5+ 1-0

[Event "SR 2. liga A 2009/2010"]
[Site "?"]
[Date "2009.12.12"]
[Round "5.2"]
[White "Hertel, Ondrej"]
[Black "Klemanic, Emil"]
[Result "1-0"]
[WhiteElo "2051"]
[BlackElo "2258"]
[PlyCount "79"]
[EventDate "2009.??.??"]
[WhiteTeam "Slovakia"]
[BlackTeam "II"]
[WhiteTeamCountry "SVK"]
[BlackTeamCountry "SVK"]

1. d4 Nf6 2. Nf3 g6 3. c4 Bg7 4. Nc3 d6 5. e4 O-O 6. Be2 Bg4 7. h3 Bxf3 8. Bxf3
Nc6 9. Be3 e5 10. d5 Nd4 11. O-O Re8 12. Nb5 a6 13. Nxd4 exd4 14. Bxd4 Nxe4 15.
Bxg7 Kxg7 16. Qd4+ Qf6 17. Rad1 Ng5 18. Qxf6+ Kxf6 19. Rd3 Nxf3+ 20. Rxf3+ Kg7
21. Re3 Rxe3 22. fxe3 Re8 23. Kf2 f5 24. Ke2 Re4 25. Kd3 h5 26. Rf4 Re5 27. e4
fxe4+ 28. Rxe4 Kf6 29. Kd4 Rf5 30. Re8 Kg7 31. Re7+ Rf7 32. Rxf7+ Kxf7 33. b4
Kf6 34. a4 Kf5 35. a5 Kf6 36. c5 Ke7 37. c6 bxc6 38. dxc6 Kd8 39. b5 Kc8 40. b6
1-0

[Event "SR 2. liga A 2009/2010"]
[Site "?"]
[Date "2009.12.12"]
[Round "5.2"]
[White "Kralovic, Andrej"]
[Black "Janos, Jozef"]
[Result "1/2-1/2"]
[WhiteElo "2156"]
[BlackElo "2275"]
[PlyCount "38"]
[EventDate "2009.??.??"]
[WhiteTeam "Slovakia"]
[BlackTeam "II"]
[WhiteTeamCountry "SVK"]
[BlackTeamCountry "SVK"]

1. e4 c5 2. Nf3 e6 3. b3 Nc6 4. Bb2 Nf6 5. e5 Nd5 6. c4 Nf4 7. h4 d5 8. g3 Ng6
9. h5 Nge7 10. g4 h6 11. Nc3 a6 12. Qe2 Nd4 13. Nxd4 cxd4 14. Nd1 Nc6 15. f4
Be7 16. Bg2 d3 17. Qf3 dxc4 18. bxc4 Bc5 19. Nf2 Nb4 1/2-1/2

[Event "SR 2. liga A 2009/2010"]
[Site "?"]
[Date "2009.12.12"]
[Round "5.2"]
[White "Petenyi, Tamas"]
[Black "Federic, Jozef"]
[Result "1-0"]
[WhiteElo "2261"]
[BlackElo "2262"]
[PlyCount "227"]
[EventDate "2009.??.??"]
[WhiteTeam "Slovakia"]
[BlackTeam "II"]
[WhiteTeamCountry "SVK"]
[BlackTeamCountry "SVK"]

1. e4 c5 2. Nf3 e6 3. d4 cxd4 4. Nxd4 Nf6 5. Bd3 Nc6 6. Nxc6 bxc6 7. O-O e5 8.
Nd2 Bc5 9. Nc4 d6 10. c3 Be6 11. b4 Bb6 12. Nxb6 axb6 13. Qe2 Qc7 14. c4 O-O
15. f4 exf4 16. Rxf4 Nd7 17. Rh4 g6 18. Bh6 Rfe8 19. Qf2 Qd8 20. Qf4 Ne5 21.
Be2 f6 22. Qg3 Bxc4 23. Bxc4+ Nxc4 24. Rf4 Ra3 25. Qf2 Ne5 26. Qb2 Ra7 27. Qb3+
Kh8 28. Qc3 Re6 29. Raf1 Qe7 30. a3 Kg8 31. Rh4 b5 32. Be3 Ra8 33. Rhf4 Nc4 34.
Bc1 Rf8 35. Qf3 Kg7 36. h4 Qa7+ 37. Rf2 Qd4 38. h5 Ne5 39. Qh3 Re7 40. hxg6
Nxg6 41. Bb2 Qxb2 42. Rxb2 Nxf4 43. Qg3+ Ng6 44. Qxd6 Rc8 45. Rf2 Rf7 46. Rd2
Ne5 47. Qe6 Rff8 48. Qb3 Rcd8 49. Qg3+ Kf7 50. Rf2 Ke7 51. Qh3 Rf7 52. Qh5 Rd6
53. Qf5 Rg7 54. Rf4 Rd1+ 55. Kh2 Rd6 56. Kg1 Rd1+ 57. Rf1 Rd6 58. Qf2 Ke8 59.
Qe3 Rg6 60. Qa7 Rd7 61. Qb8+ Ke7 62. Qh8 h6 63. Rf5 Rd1+ 64. Rf1 Rxf1+ 65. Kxf1
Kf7 66. Qh7+ Ke6 67. Kf2 Kd6 68. Qh8 Kd7 69. Qf8 Kc7 70. Qe8 Rg7 71. Qa8 Rg6
72. a4 bxa4 73. Qxa4 Rg4 74. Qa7+ Kd6 75. Qb8+ Kd7 76. Qh8 Rg6 77. Qf8 Kc7 78.
Qe7+ Kb6 79. Qd6 Kb7 80. Qe6 Kc7 81. Qh3 Kb6 82. Ke3 Kb5 83. Kd4 Kxb4 84. Qc3+
Kb5 85. Qb3+ Ka6 86. Kc5 Ka7 87. Qb6+ Ka8 88. Qc7 Rxg2 89. Qc8+ Ka7 90. Qc7+
Ka8 91. Qa5+ Kb7 92. Qb6+ Ka8 93. Qa6+ Kb8 94. Kd6 Rb2 95. Ke6 Rb5 96. Kxf6 Kc7
97. Qa7+ Kc8 98. Qh7 Kb8 99. Ke6 Ka8 100. Qxh6 Kb7 101. Qg7+ Kb6 102. Qg8 Ka5
103. Qd8+ Ka4 104. Qd4+ Kb3 105. Kd6 Ka3 106. Qc3+ Ka4 107. Ke6 Ra5 108. Kd6
Rb5 109. Kc7 Ra5 110. Kb6 Rb5+ 111. Ka6 Nf3 112. Qxc6 Nd4 113. Qc4+ Rb4 114.
Qa2# 1-0

[Event "SR 2. liga A 2009/2010"]
[Site "?"]
[Date "2009.12.12"]
[Round "5.2"]
[White "Petrik, Stanislav"]
[Black "Janos, Martin"]
[Result "1-0"]
[WhiteElo "2183"]
[BlackElo "2192"]
[PlyCount "91"]
[EventDate "2009.??.??"]
[WhiteTeam "Slovakia"]
[BlackTeam "II"]
[WhiteTeamCountry "SVK"]
[BlackTeamCountry "SVK"]

1. e4 c5 2. Nf3 Nc6 3. Bb5 g6 4. O-O Bg7 5. c3 Qb6 6. Na3 Nh6 7. d4 cxd4 8.
cxd4 Ng4 9. h3 Nxd4 10. Nxd4 Nxf2 11. Rxf2 Bxd4 12. Qf3 O-O 13. Bh6 Bxf2+ 14.
Qxf2 Qxf2+ 15. Kxf2 Rd8 16. Rc1 a6 17. Be2 b5 18. Rc7 Rb8 19. Bf3 f6 20. Bd2
Kf7 21. Ba5 Rf8 22. Bb4 Ke8 23. Ra7 Rb6 24. Nc2 Rb7 25. Ra8 Rc7 26. Ne3 Kf7 27.
Ba5 Rc5 28. Ra7 Re8 29. Bb4 Rc1 30. Bc3 Rb1 31. a3 d6 32. Nd5 f5 33. exf5 Bxf5
34. Nc7 Rc8 35. Bb7 Rd8 36. Bd5+ Kf8 37. Rxa6 b4 38. axb4 Rc8 39. Ra7 Rb8 40.
b5 e5 41. Bc6 Bc8 42. Nd5 Be6 43. Nf6 h6 44. Nd7+ Bxd7 45. Rxd7 Rd1 46. Ke2 1-0

[Event "SR 2. liga A 2009/2010"]
[Site "?"]
[Date "2009.12.12"]
[Round "5.2"]
[White "Puchart, Vladimir"]
[Black "Matulik, Daniel"]
[Result "1/2-1/2"]
[WhiteElo "2047"]
[BlackElo "2154"]
[PlyCount "39"]
[EventDate "2009.??.??"]
[WhiteTeam "Slovakia"]
[BlackTeam "II"]
[WhiteTeamCountry "SVK"]
[BlackTeamCountry "SVK"]

1. d4 d5 2. c4 c6 3. Nf3 Nf6 4. Nc3 e6 5. Bg5 h6 6. Bxf6 Qxf6 7. e3 Nd7 8. Bd3
dxc4 9. Bxc4 b5 10. Bd3 a6 11. Rc1 Bb7 12. O-O Qd8 13. Ne5 Nxe5 14. dxe5 Be7
15. Bb1 Qc7 16. f4 Qb6 17. Rf3 Rd8 18. Qe2 c5 $11 19. Rg3 g6 20. Ne4 1/2-1/2

[Event "SR 2. liga A 2009/2010"]
[Site "?"]
[Date "2009.12.12"]
[Round "5.3"]
[White "Lopatievov, Alexander"]
[Black "Pagerka, Martin"]
[Result "0-1"]
[WhiteElo "2041"]
[BlackElo "2097"]
[PlyCount "108"]
[EventDate "2009.??.??"]
[WhiteTeam "Slovakia"]
[BlackTeam "II"]
[WhiteTeamCountry "SVK"]
[BlackTeamCountry "SVK"]

1. c4 e5 2. Nc3 Nf6 3. g3 d5 4. cxd5 Nxd5 5. Bg2 Nb6 6. Nf3 Nc6 7. d3 Be7 8.
O-O O-O 9. a3 a5 10. b3 Be6 11. Bb2 f6 12. Nd2 Qd7 13. Nc4 Nd4 14. e3 Nc6 15.
Qc2 Nd5 16. Ne2 Rfd8 17. d4 exd4 18. Bxd4 Nxd4 19. Nxd4 Bf7 20. Rfd1 Qe8 21.
Nf5 Bf8 22. e4 Nb6 23. Rxd8 Rxd8 24. Nxa5 Qe5 25. Rb1 Qxa5 26. Qxc7 Rd7 27. Qc1
Qxa3 28. Qc3 Qb4 29. Qxb4 Bxb4 30. Ne3 Rd3 31. Nc4 Nxc4 32. bxc4 Bc5 33. Bf1
Rd7 34. Rc1 g6 35. Re1 Rd2 36. Re2 Rd1 37. Rc2 Be6 38. Kg2 Rd4 39. f3 Rd1 40.
g4 f5 41. h3 fxe4 42. fxe4 Rd4 43. Kf3 Bd7 44. Rc3 Bc6 45. Bd3 Kf7 46. Bc2 Kf6
47. h4 Ke5 48. h5 Bxe4+ 49. Bxe4 Rxe4 50. hxg6 hxg6 51. Rb3 b6 52. Rc3 g5 53.
Rc2 Re3+ 54. Kg2 Kf4 0-1

[Event "SR 2. liga A 2009/2010"]
[Site "?"]
[Date "2009.12.12"]
[Round "5.3"]
[White "Machalova, Veronika"]
[Black "Jablonicky, Frantisek"]
[Result "0-1"]
[WhiteElo "2187"]
[BlackElo "2222"]
[PlyCount "169"]
[EventDate "2009.??.??"]
[WhiteTeam "Slovakia"]
[BlackTeam "II"]
[WhiteTeamCountry "SVK"]
[BlackTeamCountry "SVK"]

1. e4 c6 2. d3 d5 3. Nd2 g6 4. Ngf3 Bg7 5. g3 e5 6. Bg2 Ne7 7. O-O O-O 8. Qe2
f6 9. c3 b6 10. Rd1 Ba6 11. c4 d4 12. Nf1 Nd7 13. Nh4 b5 14. cxb5 cxb5 15. Bd2
Nb6 16. Rdc1 Qd7 17. b3 Rfc8 18. f4 Rxc1 19. Rxc1 Rc8 20. fxe5 fxe5 21. Rxc8+
Qxc8 22. Bg5 Nc6 23. Bf3 Qc7 24. Qc2 Qd6 25. a3 Bc8 26. Bc1 Bf8 27. Bd1 b4 28.
a4 Qc5 29. Qxc5 Bxc5 30. Nf3 Kg7 31. Kf2 Be6 32. Ke2 Bd6 33. N1d2 Na5 34. Nc4
Naxc4 35. dxc4 Nd7 36. Bc2 Nc5 37. Ne1 Bg4+ 38. Kf2 d3 39. Bxd3 Bd1 40. Bb2 a5
41. Bb1 Bxb3 42. Nd3 Nxe4+ 43. Ke3 Nc3 44. c5 Bc7 45. Nc1 Nd1+ 46. Ke4 Bxa4 47.
Bxe5+ Bxe5 48. Kxe5 Nc3 49. Bd3 b3 50. Ne2 Nxe2 51. Bxe2 b2 52. Bd3 Bd7 53. g4
Bxg4 54. c6 a4 55. c7 a3 56. Bb1 Kf7 57. Kd6 Kf6 58. Kc5 Ke7 59. Kb4 Kd7 60.
Kxa3 Bf5 61. Kxb2 Bxb1 62. Kxb1 Kxc7 63. Kc2 Kc6 64. Kd3 Kd5 65. Ke3 Ke5 66.
Kf3 Kf5 67. Kg3 Kg5 68. Kh3 Kf4 69. Kh4 Kf5 70. Kg3 Kg5 71. Kh3 Kf4 72. Kh4 h6
73. h3 Ke3 74. Kg4 Kf2 75. h4 Ke3 76. h5 g5 77. Kf5 Kf3 78. Kg6 g4 79. Kxh6 g3
80. Kh7 g2 81. h6 g1=Q 82. Kh8 Qd4+ 83. Kg8 Qd8+ 84. Kf7 Qh8 85. Kg6 0-1

[Event "SR 2. liga A 2009/2010"]
[Site "?"]
[Date "2009.12.12"]
[Round "5.3"]
[White "Mihalik, Marek"]
[Black "Sturdik, Igor"]
[Result "1/2-1/2"]
[WhiteElo "2090"]
[BlackElo "2047"]
[PlyCount "77"]
[EventDate "2009.??.??"]
[WhiteTeam "Slovakia"]
[BlackTeam "II"]
[WhiteTeamCountry "SVK"]
[BlackTeamCountry "SVK"]

1. d4 Nf6 2. c4 c5 3. d5 e6 4. Nc3 exd5 5. cxd5 d6 6. e4 g6 7. Nf3 Bg7 8. Bd3
O-O 9. O-O a6 10. a4 Bg4 11. h3 Bxf3 12. Qxf3 Nbd7 13. Qe2 Re8 14. Bf4 Qc7 15.
Rad1 Rab8 16. Rfe1 Ne5 17. Bb1 c4 18. Bh2 b5 19. axb5 axb5 20. f4 Nd3 21. Bxd3
cxd3 22. Qxd3 b4 23. Nb5 Qb6+ 24. Nd4 Nxd5 25. Kh1 Nc7 26. Bg1 Qb7 27. Re2 Rbd8
28. Rc1 Ne6 29. Nxe6 fxe6 30. b3 d5 31. e5 Rc8 32. Rec2 Bf8 33. Bd4 Be7 34. Kh2
Rf8 35. Be3 Rfd8 $11 36. Bd2 Kf7 37. Qd4 Rxc2 38. Rxc2 Ra8 39. Be3 1/2-1/2

[Event "SR 2. liga A 2009/2010"]
[Site "?"]
[Date "2009.12.12"]
[Round "5.3"]
[White "Sosovicka, Juraj"]
[Black "Petrik, Karol"]
[Result "1/2-1/2"]
[WhiteElo "2066"]
[BlackElo "2181"]
[PlyCount "107"]
[EventDate "2009.??.??"]
[WhiteTeam "Slovakia"]
[BlackTeam "II"]
[WhiteTeamCountry "SVK"]
[BlackTeamCountry "SVK"]

1. e4 d5 2. exd5 Qxd5 3. Nc3 Qd6 4. d4 a6 5. Nf3 Bf5 6. g3 Nc6 7. a3 O-O-O 8.
d5 Ne5 9. Bf4 Nxf3+ 10. Qxf3 Qf6 11. Bg2 e5 12. dxe6 Qxe6+ 13. Be3 c6 14. O-O
Bd6 15. Rfe1 Bg4 16. Qe4 Qxe4 17. Nxe4 Bc7 18. h3 Bf5 19. Rad1 Rxd1 20. Rxd1
Ne7 21. c4 Re8 22. b3 f6 23. Kf1 Bg6 24. g4 Kb8 25. Rd7 Kc8 26. Rd1 Rd8 27.
Rxd8+ Kxd8 28. Nc5 Kc8 29. Ke2 Bf7 30. Kd3 a5 31. b4 axb4 32. axb4 b6 33. Ne4
Kd7 34. Kc3 Be5+ 35. Bd4 Bc7 36. Be3 Ng6 37. Bf1 Nf4 38. Ng3 Ne6 39. Nf5 g6 40.
Nd4 Nf4 41. Ne2 Be5+ 42. Bd4 Nxe2+ 43. Bxe2 c5 44. Bxe5 fxe5 45. bxc5 bxc5 46.
Kd3 g5 47. Ke3 Kd6 48. Bd3 h6 49. Ke4 Bg6+ 50. Ke3 Be8 51. Be4 Ba4 52. Bd5 Bc2
53. Be4 Bb3 54. Bd3 1/2-1/2

[Event "SR 2. liga A 2009/2010"]
[Site "?"]
[Date "2009.12.12"]
[Round "5.3"]
[White "Tepper, Frantisek"]
[Black "Bury, Rastislav"]
[Result "1/2-1/2"]
[WhiteElo "2169"]
[BlackElo "2066"]
[PlyCount "52"]
[EventDate "2009.??.??"]
[WhiteTeam "Slovakia"]
[BlackTeam "II"]
[WhiteTeamCountry "SVK"]
[BlackTeamCountry "SVK"]

1. e4 c5 2. Nf3 a6 3. c3 Qa5 4. Bc4 e6 5. d3 Nf6 6. e5 Ng8 7. O-O d5 8. Bb3 Nc6
9. Re1 Bd7 10. Nbd2 O-O-O 11. Nf1 f6 12. d4 h5 13. Bc2 cxd4 14. cxd4 Bb4 15.
Re2 Nh6 16. a3 Be7 17. b4 Qb6 18. Bb2 g5 19. exf6 Bxf6 20. Ne5 Nxe5 21. dxe5
Be7 22. Bd4 Qc7 23. Rc1 Bb5 24. Bd3 Bc4 25. Ne3 b5 26. Rb2 Nf7 1/2-1/2

[Event "SR 2. liga A 2009/2010"]
[Site "?"]
[Date "2009.12.12"]
[Round "5.3"]
[White "Varholakova, Niki"]
[Black "Peska, Juraj"]
[Result "1-0"]
[WhiteElo "2159"]
[BlackElo "1959"]
[PlyCount "61"]
[EventDate "2009.??.??"]
[WhiteTeam "Slovakia"]
[BlackTeam "II"]
[WhiteTeamCountry "SVK"]
[BlackTeamCountry "SVK"]

1. e4 e5 2. Nf3 d6 3. d4 exd4 4. Nxd4 Nf6 5. Nc3 Be7 6. Be2 Bd7 7. O-O O-O 8.
f4 Nc6 9. Bf3 Nxd4 10. Qxd4 Bc6 11. Qf2 Nd7 12. Nd5 Bxd5 13. exd5 Bf6 14. c3
Re8 15. Be3 Nb6 16. Rae1 Nc4 17. Bc1 Qd7 18. Be4 a6 19. Qc2 h6 20. a4 b5 21. b3
Na5 22. Bh7+ Kh8 23. Bf5 Qd8 24. axb5 axb5 25. Bd2 Qb8 26. Bd7 Qb7 27. c4 c6
28. Bf5 cxd5 29. cxd5 Qb6+ 30. Kh1 Nb7 31. Qc6 1-0

[Event "SR 2. liga A 2009/2010"]
[Site "?"]
[Date "2009.12.12"]
[Round "5.4"]
[White "Biro, Karol"]
[Black "Hricak, Vasil"]
[Result "1/2-1/2"]
[WhiteElo "2166"]
[BlackElo "2100"]
[PlyCount "86"]
[EventDate "2009.??.??"]
[WhiteTeam "Slovakia"]
[BlackTeam "II"]
[WhiteTeamCountry "SVK"]
[BlackTeamCountry "SVK"]

1. c4 e5 2. Nc3 d6 3. g3 Nc6 4. Bg2 Be6 5. b3 Qd7 6. d3 h5 7. h4 O-O-O 8. b4
Nf6 9. b5 Nd4 10. e3 Nf5 11. Nge2 Nh6 12. e4 Nfg4 13. f3 Nf6 14. Be3 Kb8 15.
Qa4 b6 16. Rb1 Qc8 17. Bg5 Re8 18. Qb3 Nd7 19. Nd5 Nc5 20. Qc2 Bxd5 21. cxd5 f6
22. Be3 Nf7 23. Bh3 Qd8 24. d4 Nb7 25. Be6 Qe7 26. f4 g6 27. fxe5 dxe5 28. O-O
Nfd8 29. dxe5 fxe5 30. Bh3 Bh6 31. Bxh6 Rxh6 32. Qd2 Rhh8 33. Nc1 Nc5 34. Qe3
Rhf8 35. Nb3 Nxb3 36. Rxb3 Rxf1+ 37. Bxf1 Nb7 38. Rc3 Rf8 39. Bg2 Nc5 40. a4
Nxa4 41. Rc6 Qg7 42. Qg5 Rg8 43. Re6 Nc3 1/2-1/2

[Event "SR 2. liga A 2009/2010"]
[Site "?"]
[Date "2009.12.12"]
[Round "5.4"]
[White "Bukovsky, Milan"]
[Black "Stepanovic, Branislav"]
[Result "0-1"]
[WhiteElo "2017"]
[BlackElo "2001"]
[PlyCount "144"]
[EventDate "2009.??.??"]
[WhiteTeam "Slovakia"]
[BlackTeam "II"]
[WhiteTeamCountry "SVK"]
[BlackTeamCountry "SVK"]

1. c4 Nf6 2. Nc3 c5 3. g3 d5 4. cxd5 Nxd5 5. Bg2 Nc7 6. Nf3 Nc6 7. d3 e5 8. O-O
Be7 9. Be3 Bd7 10. Rc1 O-O 11. Qd2 Rc8 12. Bg5 f6 13. Be3 b6 14. Ne1 Nd4 15. f4
Nf5 16. Bf2 Nh6 17. Nc2 Be6 18. Ne3 Qd7 19. Qc2 Rcd8 20. Rcd1 Bh3 21. Qa4 Qxa4
22. Nxa4 Bxg2 23. Kxg2 exf4 24. gxf4 Rd4 25. Nc3 Rxf4 26. Bg3 Rxf1 27. Rxf1 Bd8
28. Rf4 Re8 29. Kf2 Kf7 30. Ra4 a5 31. a3 f5 32. b4 cxb4 33. axb4 Ne6 34. bxa5
bxa5 35. Nb5 Re7 36. Nd6+ Kg6 37. Bh4 Rd7 38. Bxd8 Rxd8 39. Ndc4 f4 40. Ne5+
Kf6 41. N3c4 Rd5 42. Nf3 Ng4+ 43. Ke1 Ng5 44. Nxg5 Kxg5 45. h3 Ne5 46. Nxa5 f3
47. d4 Ng6 48. e4 Rb5 49. Kf2 Kf4 50. Nc4 Rb3 51. Ra7 Rc3 52. Nd6 Rc2+ 53. Ke1
Kg3 54. Nf5+ Kxh3 55. Rxg7 Rc1+ 56. Kf2 Kg4 57. Ne3+ Kf4 58. d5 Ne5 59. Nf1
Ng4+ 60. Kg1 Ne3 61. Rf7+ Kg4 62. Kf2 Nxf1 63. d6 Nd2 64. d7 Nxe4+ 65. Ke3 Re1+
66. Kd4 Ng5 67. Rg7 Kh4 68. Kc3 Rd1 69. Kc2 Rd6 70. Re7 f2 71. Re8 Rxd7 72. Rf8
Rf7 0-1

[Event "SR 2. liga A 2009/2010"]
[Site "?"]
[Date "2009.12.12"]
[Round "5.4"]
[White "Chovanec, Vladimir"]
[Black "Certek, Pavel"]
[Result "0-1"]
[WhiteElo "2091"]
[BlackElo "2245"]
[PlyCount "130"]
[EventDate "2009.??.??"]
[WhiteTeam "Slovakia"]
[BlackTeam "II"]
[WhiteTeamCountry "SVK"]
[BlackTeamCountry "SVK"]

1. Nf3 g6 2. e4 c5 3. g3 Bg7 4. Bg2 Nf6 5. d3 d5 6. e5 Ng4 7. Bf4 Nc6 8. Qe2 h5
9. h3 Nh6 10. c3 Bf5 11. Nh4 Be6 12. Nd2 Qd7 13. Nb3 b6 14. d4 c4 15. Nd2 b5
16. Ndf3 Nf5 17. Qd2 a5 18. b3 Rb8 19. Nxf5 Bxf5 20. Ng5 Rb7 21. O-O f6 22.
exf6 exf6 23. Rfe1+ Kf8 24. Nf3 g5 25. Nxg5 fxg5 26. Bxg5 Kg8 27. h4 Kh7 28.
Bf3 Bg6 29. Qd1 Qf7 30. g4 Rf8 31. gxh5 Qxf3 32. hxg6+ Kxg6 33. Qxf3 Rxf3 34.
Re6+ Kf5 35. Rxc6 Rxc3 36. bxc4 Rxc4 37. Rc1 Bxd4 38. Bd2 Bf6 39. h5 Rg4+ 40.
Kf1 Rh4 41. R1c5 Bd4 42. Rxd5+ Ke4 43. Rd8 Rf7 44. Re6+ Kf3 45. Rg6 Bxf2 46.
Rd3+ Ke4 47. Ke2 Bd4 48. Rg2 b4 49. h6 Rf5 50. Rdg3 Kd5 51. Rg5 Rxg5 52. Bxg5
Rh3 53. Kd2 a4 54. Be7 Kc4 55. Bf8 Bc3+ 56. Ke2 Rh4 57. Kf3 b3 58. axb3+ axb3
59. Ba3 Rxh6 60. Rg4+ Kd3 61. Rg2 Rf6+ 62. Kg4 Rg6+ 63. Kf3 Rxg2 64. Kxg2 Kc2
65. Kf3 Bb4 0-1

[Event "SR 2. liga A 2009/2010"]
[Site "?"]
[Date "2009.12.12"]
[Round "5.4"]
[White "Gajarsky, Roman"]
[Black "Janos, Ivan"]
[Result "1/2-1/2"]
[WhiteElo "1921"]
[BlackElo "2133"]
[PlyCount "64"]
[EventDate "2009.??.??"]
[WhiteTeam "Slovakia"]
[BlackTeam "II"]
[WhiteTeamCountry "SVK"]
[BlackTeamCountry "SVK"]

1. e4 c5 2. f4 Nc6 3. Nf3 g6 4. d3 Bg7 5. c3 Nf6 6. Be2 d6 7. h3 Qc7 8. g4 b6
9. Be3 a5 10. a4 O-O 11. Na3 e5 12. f5 h6 13. Qd2 Kh7 14. O-O-O d5 15. g5 d4
16. Bf2 dxc3 17. bxc3 hxg5 18. Nxg5+ Kg8 19. Bg4 Bh6 20. Be3 Nd4 21. Kb2 Qc6
22. cxd4 cxd4 23. Bf2 Qxa4 24. Bh4 gxf5 25. Bxf5 Bxf5 26. exf5 Rfc8 27. Qg2 Bg7
28. Rc1 b5 29. Qb7 Qb4+ 30. Ka2 Qd2+ 31. Kb1 Qb4+ 32. Ka2 Qd2+ 1/2-1/2

[Event "SR 2. liga A 2009/2010"]
[Site "?"]
[Date "2009.12.12"]
[Round "5.4"]
[White "Lehocky, Viktor"]
[Black "Dugovic, Branislav"]
[Result "1-0"]
[WhiteElo "2095"]
[BlackElo "2149"]
[PlyCount "51"]
[EventDate "2009.??.??"]
[WhiteTeam "Slovakia"]
[BlackTeam "II"]
[WhiteTeamCountry "SVK"]
[BlackTeamCountry "SVK"]

1. d4 Nf6 2. c4 e5 3. dxe5 Ng4 4. Nf3 Bc5 5. e3 Nc6 6. Be2 Ngxe5 7. Nbd2 O-O 8.
O-O Re8 9. Nb3 Bf8 10. Nbd4 Nxf3+ 11. Nxf3 b6 12. Bd2 Bb7 13. Bc3 Bb4 14. Bxb4
Nxb4 15. Nd4 Qf6 16. Qd2 c5 17. Bf3 Be4 18. Bxe4 Rxe4 19. f3 Rh4 20. g3 Qg6 21.
e4 cxd4 22. Qxb4 f5 23. exf5 Qg5 24. f4 Qg4 25. Qd6 Rh3 26. Qd5+ 1-0

[Event "SR 2. liga A 2009/2010"]
[Site "?"]
[Date "2009.12.12"]
[Round "5.4"]
[White "Polasek, Filip"]
[Black "Mackovic, Miroslav"]
[Result "1-0"]
[WhiteElo "2072"]
[BlackElo "1963"]
[PlyCount "71"]
[EventDate "2009.??.??"]
[WhiteTeam "Slovakia"]
[BlackTeam "II"]
[WhiteTeamCountry "SVK"]
[BlackTeamCountry "SVK"]

1. e4 c5 2. Nf3 d6 3. d4 cxd4 4. Nxd4 Nf6 5. Nc3 a6 6. Be2 e6 7. O-O Be7 8. f4
Qc7 9. Kh1 Nc6 10. Be3 b5 11. Nxc6 Qxc6 12. Bf3 e5 13. Nd5 Nxd5 14. exd5 Qc7
15. fxe5 dxe5 16. d6 Bxd6 17. Bxa8 f5 18. Qd5 f4 19. Bc6+ Ke7 20. Bc5 Be6 21.
Qxd6+ Qxd6 22. Bxd6+ Kxd6 23. Be4 Bg4 24. Rf2 Ke6 25. Rd2 g5 26. h3 Bf5 27.
Bxf5+ Kxf5 28. Re1 Re8 29. Rd6 h5 30. Kg1 g4 31. hxg4+ hxg4 32. Rxa6 f3 33. Kf2
e4 34. Rb6 Re5 35. Rb8 Kf6 36. Rf8+ 1-0

[Event "SR 2. liga A 2009/2010"]
[Site "?"]
[Date "2009.12.12"]
[Round "5.5"]
[White "Fabry, Robert"]
[Black "Lauf, Pavol"]
[Result "1-0"]
[WhiteElo "2190"]
[BlackElo "2140"]
[PlyCount "75"]
[EventDate "2009.??.??"]
[WhiteTeam "Slovakia"]
[BlackTeam "II"]
[WhiteTeamCountry "SVK"]
[BlackTeamCountry "SVK"]

1. e4 d6 2. d4 g6 3. f4 Bg7 4. Nf3 Nf6 5. Nc3 c5 6. e5 Ng4 7. dxc5 dxc5 8.
Qxd8+ Kxd8 9. h3 Nh6 10. Be3 Nd7 11. Bb5 b6 12. Ng5 e6 13. O-O-O Ke7 14. Nce4
Nf5 15. Bf2 f6 16. exf6+ Nxf6 17. g4 Nd4 18. Bxd4 cxd4 19. Rhe1 h6 20. Nxf6
hxg5 21. fxg5 Bxf6 22. gxf6+ Kxf6 23. Rxd4 Rxh3 24. Rde4 e5 25. Rf1+ Ke6 26.
Bc4+ Kd6 27. Rf6+ Kc5 28. Rxe5+ Kd4 29. Rg5 Bb7 30. Bf1 Rh2 31. c3+ Ke3 32.
Re5+ Be4 33. Rfe6 Kf2 34. Rxe4 Kxf1 35. Re1+ Kf2 36. R1e2+ Kg1 37. Rxh2 Kxh2
38. Rxg6 1-0

[Event "SR 2. liga A 2009/2010"]
[Site "?"]
[Date "2009.12.12"]
[Round "5.5"]
[White "Liptak, Dusan"]
[Black "Hecko, Dusan"]
[Result "1/2-1/2"]
[WhiteElo "1916"]
[BlackElo "2115"]
[Annotator "Fritz 9 (20s)"]
[PlyCount "90"]
[EventDate "2009.??.??"]
[WhiteTeam "Slovakia"]
[BlackTeam "II"]
[WhiteTeamCountry "SVK"]
[BlackTeamCountry "SVK"]

{A41: 1 d4 d6: Tartakower System and Modern Defence} 1. d4 d6 2. c4 Nd7 3. Nc3
e5 4. d5 Ngf6 5. e4 Be7 6. Be3 O-O 7. f3 Ne8 ({kniz. Fritz} 7... c6 8. Qd2 cxd5
9. cxd5 a6 10. a4 Nc5 11. Ra3 a5 12. Bb5 Na6 13. Nge2 Nd7 14. O-O h6 15. Ng3
Bg5 16. Bxg5) 8. Bd3 Bg5 9. Qd2 h6 {Covers g5} (9... Bxe3 $142 $5 10. Qxe3 f5
$15 11. exf5 Nc5 12. g4 Qh4+ 13. Kd2 Nf6 $11) 10. Bxg5 $14 Qxg5 11. Qxg5 hxg5
12. g4 Nc5 13. Bc2 a5 14. Nh3 f6 15. b3 Kf7 $15 16. a3 Rh8 17. Nf2 c6 18. Kd2
Ke7 19. h3 Nc7 20. b4 Nd7 21. Rhb1 axb4 22. axb4 Rxa1 23. Rxa1 c5 24. b5 Nb6
25. Bd3 Kd8 26. Na4 Nca8 27. Nc3 Kc7 28. Ra2 Kb8 29. Ra1 Nd7 30. Ra2 Nab6 31.
Ra1 Kc7 32. Ra2 Nf8 33. Ra1 Ng6 34. Na4 Bd7 35. Nxb6 Kxb6 36. Ra2 Nf4 37. Bf1
Rb8 38. Ra1 Ng6 39. Ra2 Ne7 40. Ra1 Kc7 41. Ra2 Nc8 42. Ra1 Nb6 43. Nd1 Ra8 44.
Rxa8 Nxa8 45. Kc3 Nb6 1/2-1/2